| 000 | 00462nam a2200169 a 4500 | ||
|---|---|---|---|
| 001 | $$a0000018826 | ||
| 005 | 20200120222018.0 | ||
| 008 | 010813s1977 mex0 gr0 000 d | ||
| 090 |
_aAN _bALAc 1977 |
||
| 100 | 0 | _aAlarcón, Pedro Antonio de | |
| 245 | 1 | 3 |
_aEl escandalo / _cPedro Antonio de Alarcón. |
| 260 |
_aMéxico _bAguilar _c1977 |
||
| 300 | _a373p. | ||
| 490 | _aCrisol literario No.20 | ||
| 650 | 1 | 4 | _aLITERATURA ESPAÑOL |
| 650 | 1 | 4 | _aNOVELA ESPAÑOLA |
| 999 |
_c1091 _d1091 |
||